• 首页
  • 本馆介绍
  • 公告通知
  • 最新文献
  • 馆藏检索
  • 电子资源
  • 读者导购
  • 参考咨询
  • 我的图书馆
  • 登录
  • 详细信息显示
  • 放入我的书架
  • 预约/预借图书
  • 作者相关作品
  • 分类相关作品
  • 丛书相关作品
  • 出版社相关作品

书目信息

  • 表格格式
  • 工作单格式
  • 卡片格式
题名:
吞咽困难评估和治疗
    
 
作者: 欧阳来祥 编著 ;刘欣怡 整理
分册:  
出版信息: 台北   心理出版社股份有限公司  2008
页数: 17,180页
开本: 23cm
丛书名: 沟通障碍
单 册:
中图分类: R745.1
科图分类:
主题词: 吞咽障碍--诊疗 , 吞咽障碍
电子资源:
ISBN: 978-986-191-159-5
000 00936oam2 2200265 450
001 1534596909
005 20150201093657.56
010    @a978-986-191-159-5@dTWD400.00
100    @a20110803d2008 em y0chiy50 ea
101 1  @achi@ceng
102    @aCN@b710000
105    @aa z 000yy
200 1  @a吞咽困难评估和治疗@9tun yan kun nan ping gu he zhi liao@e临床实用手册@dEvaluation and treatment of swallowing disorders@eclinical handbook@f欧阳来祥编著@g刘欣怡整理@zeng
210    @a台北@c心理出版社股份有限公司@d2008
215    @a17,180页@c照片,图@d23cm@e1光盘
225 1  @a沟通障碍@v17
461  0 @12001 @a沟通障碍
510 1  @aEvaluation and treatment of swallowing disorders@eclinical handbook@zeng
606 0  @a吞咽障碍@x诊疗
606 0  @a吞咽障碍
690    @aR745.1@v5
701  0 @a欧阳来祥@9ou yang lai xiang@4编著
702  0 @a刘欣怡@9liu xin yi@4整理
801  0 @aCN@bTSSF@c20150201
905    @aZUCC@dR745.1@eJY1
    
    吞咽困难评估和治疗:临床实用手册=Evaluation and treatment of swallowing disorders:clinical handbook/欧阳来祥编著/刘欣怡整理.-台北:心理出版社股份有限公司,2008
    17,180页:照片,图;23cm+1光盘.-(沟通障碍;17)
    
    
    ISBN 978-986-191-159-5:TWD400.00
    
●
相关链接 在E读中查询图书 在五车中查询图书 在当当中查询图书 在豆瓣中查询图书


正题名:吞咽困难评估和治疗     索取号:R745.1/JY1         预约/预借

序号 登录号 条形码 馆藏地/架位号 状态 备注
1 7864292   278642925   学院路分馆/ [索取号:R745.1/JY1] 在馆    
唐山师范学院图书馆 欢迎您!
大连网信软件有限公司© 版权所有